| 000 | 00965nam a2200265 c 4500 | ||
|---|---|---|---|
| 003 | BLK | ||
| 005 | 20250718105610.0 | ||
| 008 | 180408b bul|||||r ||||||| ||bul|| | ||
| 020 | _a9786190216445 | ||
| 040 | _aBLK | ||
| 041 |
_aBUL _cBUL |
||
| 080 |
_aЧилийска литература _b821.134.2(83) _x-312.6 _z821.134.2(83)-312.6 |
||
| 100 | 1 |
_aАлиенде, Исабел _eпърви автор _930822 |
|
| 139 |
_aАлиенде, Исабел _bА 54 |
||
| 245 | 1 | 0 |
_aИмето ми е Емилия дел Валие _bРоман _cИсабел Алиенде; прев. от исп. Маня Костова. |
| 257 | _aCHI | ||
| 260 |
_bКолибри _c2025 _aСофия |
||
| 300 |
_a344 с. _c20 см |
||
| 380 | _aX | ||
| 700 | 1 |
_aКостова, Маня Асенова _eпрев. от исп. _9277900 |
|
| 856 | 4 | _qpdf | |
| 856 | 4 | _qpdf | |
| 942 |
_cKNG _n0 _047 |
||
| 999 |
_c544964 _d544964 |
||
| 944 |
_a30545 _cНора Радева _k30530 _lМинев Младен |
||